| 000 | 00377cam a2200145ua 4500 | ||
|---|---|---|---|
| 041 |
_aeng _h |
||
| 082 |
_a822 _bMAU/CO |
||
| 100 | _aMaugham, Somerset . | ||
| 245 |
_aCollected plays, Vol 1 / _cSomerset Maugham. _hTextual Documents |
||
| 260 |
_aLondon : _bHeinemann Educational Books Ltd. , _c1961. |
||
| 300 | _a310 ; . | ||
| 504 | _a | ||
| 942 | _cBK | ||
| 999 |
_c4438 _d4438 |
||